01491nam a2200277 a 4500001001000000005001700010008004100027041000800068044000700076084002000083100004500103245022300148260003600371300001700407500016700424500026500591500004700856500001000903546002500913650005200938650005600990650003401046650004501080700003801125740005001163BRCA_299720190320204048.0190109s1639----fr-#---###---#000-0#fre-u afre afr a318b.C68c16391 aCervantes Saavedra, Miguel ded1547-161610aLe Valereux Dom Quixote de la Manchebov L´Historie de ses Grands Exploicts D´Armes, Fideles Amours, et Adventures EstrangescTraduit Fidellement de L´Espagnol de Michelle de Cervantes. Dedi, au Roy par Cesar Ovdin. aParísbArnovld Cottinetc1639 a1 v.c25 cm. aContenido : Primera parte. Dedicatoria al Rey por Oudin. Prólogo del autor. Texto. Segunda parte. Traducción de F. de Rosset. Dedicatoria del traductor. Texto aReimpresión de la edición de 1625, publicada por Jean Mestais. Tiene la novedad de llevar en la portada la primera ilustración gráfica de origen inglés, representando a Don Quijote y Sancho Panza cabalgando. Encuadernada en pergamino Lúdovik Osterc aExistencias : Se complementa con el LO-319 aQM243 aTexto en : francés14aNovela españolayÉpoca clásica, 1500-170014aLiteratura españolayÉpoca clásica, 1500-170014aNovela españolaySiglo XVII14aDon Quijote (Personaje ficticio)eNovela1 aOudin, Césard?-1625eTraductor0 aEl Ingenioso Hidalgo Don Quijote de la Mancha